00869 a2200217 4500003000500000005001700005010001700022020002200039035002200061040000900083082001000092100002300102245019100125250001700316260005300333300002100386500004500407505015300452650002300605650002300628Nust20170207154202.0 a 2002116587 a187940298X (pbk.) a(DLC) 2002116587 cNust00a220.61 aBucaille, Maurice.14aThe Bible, the Qur'an and science :bthe Holy Scriptures examined in the light of modern knowledge /cMaurice Bucaille ; translated from the French by Alastair D. Pannell and the author. a1st U.S. ed. aElmhurst, N.Y. :bTahrike Tarsile Qurá¡®,c2003. a269 p. ;c21 cm. a"Seventh edition, revised and expanded". aOld Testament (Page-1) The Quran And Modern Science (Page-110) Quranic And Biblical Narration (Page-211) Quran, Hadith And Modern Science (Page-242) 0aBible and science. 0aKoran and science.